000 01072 a2200229 4500
003 UA-OsUOA
005 20221013121804.0
008 221013b un ||||| |||| 00| 0 ukr d
020 _a9786178071929
040 _aUA-OsUOA
_bukr
_cUA-OsUOA
_dUA-OsUOA
041 _aukr
080 _a001.89:929:159.922:016
090 _a001.89:929:159.922:016
_bН38
245 _aНаукова школа академіка, фундатора генетичної психології Сергія Дмитровича Максименка
_bювілейна книга : монографія
_cупоряд.-наук. ред. С. П. Яланська
260 _aК.
_bЛюдмила
_c2021
300 _a424 с.
650 _2UDC
_a001.89 Організація наукової та науково-дослідної роботи
700 1 _aЯланська С. П.
_eупоряд.-наук. ред.
942 _cBK
_2udc
955 _a1
999 _c573422
_d573422